Statistics for Countries With Highest Population Growth

Click here to take the quiz!

General Stats

  • This quiz has been taken 110 times
  • The average score is 11 of 20

Answer Stats

%Country% Correct
3.28Niger
96%
3.00Mali
77%
2.89Ethiopia
74%
2.80Tanzania
66%
3.24Uganda
66%
3.28Burundi
60%
2.78Angola
59%
3.33Malawi
59%
2.71Togo
59%
3.05Burkina Faso
57%
4.36Zimbabwe
57%
2.81Benin
56%
2.88Zambia
56%
4.12South Sudan
51%
3.08Libya
37%
2.72Yemen
37%
2.71United Arab Emirates
29%
3.58Qatar
28%
9.37Lebanon
20%
3.86Jordan
17%

Score Distribution

Percentile by Number Answered

Percent of People with Each Score

Your Score History

You have not taken this quiz